Catálogo

EL EJECUTIVO AL MINUTO EN ACCION (Registro nro. 23341)

Detalles MARC
000 -LEADER
fixed length control field 00592nam a2200217 a 4500
001 - CONTROL NUMBER
control field 23341
005 - DATE AND TIME OF LATEST TRANSACTION
control field 20180713221409.0
008 - FIXED-LENGTH DATA ELEMENTS--GENERAL INFORMATION
fixed length control field 140415s1985 mx 000 0 spa d
020 ## - INTERNATIONAL STANDARD BOOK NUMBER
International Standard Book Number 9684195230
041 ## - LANGUAGE CODE
Language code of text/sound track or separate title spa
082 ## - DEWEY DECIMAL CLASSIFICATION NUMBER
Classification number 658.4
Item number BLA
100 1# - MAIN ENTRY--PERSONAL NAME
Personal name Blanchard, Kenneth H.,.
245 13 - TITLE STATEMENT
Title EL EJECUTIVO AL MINUTO EN ACCION
250 ## - EDITION STATEMENT
Edition statement 1a ed.
260 ## - PUBLICATION, DISTRIBUTION, ETC.
Place of publication, distribution, etc. MEXICO :
Name of publisher, distributor, etc. GRIJALBO,
Date of publication, distribution, etc. 1985
300 ## - PHYSICAL DESCRIPTION
Extent 204
490 ## - SERIES STATEMENT
Series statement ECONOMIA Y EMPRESA
Volume/sequential designation 1
650 14 - SUBJECT ADDED ENTRY--TOPICAL TERM
Topical term or geographic name entry element ADMINISTRACION INDUSTRIAL
General subdivision EJECUTIVOS
700 1# - ADDED ENTRY--PERSONAL NAME
Personal name PIGRAU, ANTONIO
Relator term tr.
700 1# - ADDED ENTRY--PERSONAL NAME
Personal name LORBER, ROBERT
Relator term coaut.
Existencias
Withdrawn status Lost status Source of classification or shelving scheme Damaged status Not for loan Collection code Home library Current library Shelving location Date acquired Source of acquisition Inventory number Total Checkouts Full call number Barcode Date last seen Date last checked out Price effective from Koha item type
    Dewey Decimal Classification     General Biblioteca Karol Wojtyla Biblioteca Karol Wojtyla Sala general 03/12/2013 Compra 151000000000000000021299 1 658.4 BLA 44147 25/03/2025 28/01/2025 03/12/2013 Libro